000 01000nam a2200277Ia 4500
001 Para_10460
003 CHAP
008 220125sDici xx 000 0 und d
010 _a209064
040 _cCHAP
090 _aPA CD - TESIS 487
100 _aCastillo Sánchez, Alexander
_9130343
245 _aCoberturas vegetales y herbicidas en el manejo de maíz, bajo agricultura de conservación /
_c Alexander Castillo Sánchez y Ricardo Geniz Benitez; Director Andrés Bolaños Espinoza
260 _aChapingo, Méx. :
_b el autor
300 _a1 CDS ROM (61 p.)
502 _aTesis (Ing. Agr. Esp. Parasitología Agrícola). UACH. Departamento Parasitología Agrícola
700 _aBolaños Espinoza, Andrés. Director
_9175127
710 _aUACH Departamento Parasitología Agrícola
901 _aPA CD - TESIS 487
902 _aM
905 _a513220Diciembre, 2015 nm 8100000000 06
910 _aDici
942 _cPARA
942 _cPARA
_d2
999 _c209064
_d209064